Normal view MARC view

Entry Personal Name

Number of records used in: 2

001 - CONTROL NUMBER

  • control field: 461329

003 - CONTROL NUMBER IDENTIFIER

  • control field: OSt

005 - DATE AND TIME OF LATEST TRANSACTION

  • control field: 20220928123641.0

008 - FIXED-LENGTH DATA ELEMENTS

  • fixed length control field: 220928|| aca||aabn | a|a d

040 ## - CATALOGING SOURCE

  • Original cataloging agency: OSt
  • Transcribing agency: OSt

100 ## - HEADING--PERSONAL NAME

  • Personal name: Gupta Jyoti Bhusan Das Ed

670 ## - SOURCE DATA FOUND

  • Source citation: Work cat.: (OSt)774369: Gupta Jyoti Bhusan Das Ed., History of Science,philosophy and Culture in Indian Civilization.V 15 Pt 1., 2007
Copyright @ Delhi University Library System